[Event "Winnipeg TNT Oct op"]
[Site "Winnipeg CAN"]
[Date "2004.10.05"]
[Round "1"]
[White "Schulz, Waldemar"]
[Black "Costales, Servillano"]
[Result "1-0"]
[WhiteElo "2122"]
[BlackElo "1661"]
[PlyCount "121"]
[GameId "2160767911061045"]
[EventDate "2004.10.05"]
[EventType "swiss"]
[EventRounds "4"]
[EventCountry "CAN"]
[SourceTitle "EXT 2006"]
[Source "ChessBase"]
[SourceDate "2005.11.24"]
[SourceVersion "1"]
[SourceVersionDate "2005.11.24"]
[SourceQuality "1"]

1. d4 c6 2. Nf3 e6 3. c4 d6 4. Nc3 Nf6 5. Bg5 Be7 6. e3 Nbd7 7. Be2 h6 8. Bxf6 Nxf6 9. Qc2 Qc7 10. O-O Bd7 11. Rfd1 Rc8 12. Rac1 O-O 13. e4 Kh8 14. a3 a6 15. b4 Nh7 16. c5 f5 17. e5 dxe5 18. Nxe5 Be8 19. Bc4 Rf6 20. Qb3 Nf8 21. Ne2 Rd8 22. Qg3 Qb8 23. h4 Kh7 24. Nf4 Qc8 25. h5 Qb8 26. Qb3 Rxd4 27. Rxd4 Qxe5 28. Ne2 Bxh5 29. Rd2 Rf7 30. Ng3 Bg5 31. Nxh5 Bxd2 32. Rd1 Bg5 33. Ng3 g6 34. Qd3 Be7 35. Kf1 Kg7 36. Re1 Qf6 37. Kg1 Bd8 38. Ne2 Rd7 39. Qe3 Bc7 40. Nf4 e5 41. Ne2 g5 42. Ng3 Kg6 43. Bd3 e4 44. Bc2 Bxg3 45. Qxg3 Ne6 46. Qe3 Qd4 47. Qb3 Kf6 48. Rd1 Qd5 49. Rxd5 Rxd5 50. Qb2+ Nd4 51. Bb3 Rd7 52. Ba2 Ke5 53. Qc3 Rg7 54. Kf1 f4 55. a4 g4 56. b5 axb5 57. axb5 Rd7 58. bxc6 bxc6 59. Bc4 Kf5 60. Ba6 f3 61. Bc8 1-0

[Event "Winnipeg TNT Oct op"]
[Site "Winnipeg CAN"]
[Date "2004.10.05"]
[Round "1"]
[White "Tang, Edward"]
[Black "Silva, T Romero"]
[Result "1-0"]
[WhiteElo "1941"]
[BlackElo "1621"]
[PlyCount "115"]
[GameId "2160767911061046"]
[EventDate "2004.10.05"]
[EventType "swiss"]
[EventRounds "4"]
[EventCountry "CAN"]
[SourceTitle "EXT 2006"]
[Source "ChessBase"]
[SourceDate "2005.11.24"]
[SourceVersion "1"]
[SourceVersionDate "2005.11.24"]
[SourceQuality "1"]

1. e4 e5 2. Nf3 Nf6 3. Nxe5 d6 4. Nf3 Nxe4 5. c4 Bg4 6. Be2 Be7 7. O-O O-O 8. h3 Bh5 9. d3 Ng5 10. Nc3 c6 11. d4 Na6 12. Be3 Bf6 13. Re1 Nc7 14. Nxg5 Bxe2 15. Qxe2 Bxg5 16. Bxg5 Qxg5 17. Qe7 Qxe7 18. Rxe7 Rac8 19. d5 Rfe8 20. Rae1 Kf8 21. R7e2 f5 22. dxc6 bxc6 23. Kf1 Kf7 24. Rd1 Rxe2 25. Nxe2 Ne8 26. Rd3 g6 27. Ra3 Rc7 28. Nd4 Ke7 29. Ke2 Nf6 30. Rxa7 Kd7 31. Rxc7+ Kxc7 32. Kd3 c5 33. Nb5+ Kc6 34. Nc3 Nd7 35. f4 Nf6 36. a3 Nh5 37. Nd5 Ng3 38. b4 cxb4 39. axb4 Kb7 40. Nf6 h6 41. Ke3 g5 42. fxg5 hxg5 43. Kf2 f4 44. Kf3 Nf5 45. Ne4 Kc6 46. Nxg5 Ne3 47. h4 Nxc4 48. h5 Kb5 49. h6 Kxb4 50. Nf7 d5 51. h7 d4 52. Ke2 Nb2 53. Ne5 Kc3 54. h8=Q Kc2 55. Qc8+ Kb1 56. Qf5+ Kc1 57. Qxf4+ Kc2 58. Qxd4 1-0

[Event "Winnipeg TNT Oct op"]
[Site "Winnipeg CAN"]
[Date "2004.10.05"]
[Round "1"]
[White "Van Wyk, Joseph"]
[Black "Milord, Frank"]
[Result "1-0"]
[WhiteElo "1932"]
[BlackElo "1541"]
[PlyCount "99"]
[GameId "2160767911061047"]
[EventDate "2004.10.05"]
[EventType "swiss"]
[EventRounds "4"]
[EventCountry "CAN"]
[SourceTitle "EXT 2006"]
[Source "ChessBase"]
[SourceDate "2005.11.24"]
[SourceVersion "1"]
[SourceVersionDate "2005.11.24"]
[SourceQuality "1"]

1. e4 c5 2. c3 d5 3. exd5 Qxd5 4. d4 cxd4 5. cxd4 Nc6 6. Nf3 e5 7. dxe5 Qxd1+ 8. Kxd1 Bg4 9. Bf4 O-O-O+ 10. Nbd2 Nd4 11. Be2 Nxf3 12. gxf3 Be6 13. Rc1+ Kb8 14. Bc4 Ne7 15. Bxe6 fxe6 16. Ke2 Nf5 17. Rc4 Be7 18. Rhc1 Rc8 19. Ne4 Rxc4 20. Rxc4 Rd8 21. Bg5 Bxg5 22. Nxg5 h6 23. Nxe6 Re8 24. Rf4 g6 25. Nd4 Nxd4+ 26. Rxd4 Rxe5+ 27. Re4 Rh5 28. f4 Rxh2 29. Re6 Rg2 30. Kf3 Rg1 31. f5 gxf5 32. Kf4 h5 33. Kxf5 h4 34. Rh6 Rg2 35. f4 Rxb2 36. Rxh4 Rxa2 37. Rh7 b5 38. Ke6 Rd2 39. f5 b4 40. f6 a6 41. f7 Rf2 42. Rh8+ Kb7 43. f8=Q Rxf8 44. Rxf8 Kc6 45. Rc8+ Kb5 46. Kd5 a5 47. Rb8+ Ka4 48. Kc4 Ka3 49. Rb5 Ka4 50. Rh5 1-0

[Event "Winnipeg TNT Oct op"]
[Site "Winnipeg CAN"]
[Date "2004.10.12"]
[Round "2"]
[White "Czypinski, Jaroslaw"]
[Black "Schulz, Waldemar"]
[Result "1/2-1/2"]
[WhiteElo "1926"]
[BlackElo "2122"]
[PlyCount "41"]
[GameId "2160767911061048"]
[EventDate "2004.10.05"]
[EventType "swiss"]
[EventRounds "4"]
[EventCountry "CAN"]
[SourceTitle "EXT 2006"]
[Source "ChessBase"]
[SourceDate "2005.11.24"]
[SourceVersion "1"]
[SourceVersionDate "2005.11.24"]
[SourceQuality "1"]

1. e4 g6 2. d4 Bg7 3. Nf3 d6 4. Nc3 c6 5. Be2 Nd7 6. Be3 Qc7 7. O-O Ngf6 8. h3 O-O 9. Qd2 Re8 10. Rfd1 b5 11. a3 Bb7 12. Nh2 a5 13. Bd3 b4 14. axb4 axb4 15. Ne2 c5 16. Ng3 Bc6 17. Ng4 Nxg4 18. hxg4 Qb7 19. Be2 Bb5 20. Bf3 Bc6 21. Be2 1/2-1/2

[Event "Winnipeg TNT Oct op"]
[Site "Winnipeg CAN"]
[Date "2004.10.12"]
[Round "2"]
[White "Greenberg, Harley"]
[Black "Proulx, Roy"]
[Result "0-1"]
[WhiteElo "1781"]
[BlackElo "1695"]
[PlyCount "73"]
[GameId "2160767911061049"]
[EventDate "2004.10.05"]
[EventType "swiss"]
[EventRounds "4"]
[EventCountry "CAN"]
[SourceTitle "EXT 2006"]
[Source "ChessBase"]
[SourceDate "2005.11.24"]
[SourceVersion "1"]
[SourceVersionDate "2005.11.24"]
[SourceQuality "1"]

1. d4 d5 2. c4 e6 3. Nf3 Nf6 4. g3 Nbd7 5. Bg2 c6 6. O-O Bd6 7. Nc3 O-O 8. e4 Nxe4 9. Nxe4 dxe4 10. Ng5 Nf6 11. Bd2 e5 12. d5 cxd5 13. cxd5 Bf5 14. Qe2 h6 15. Nxe4 Nxe4 16. Bxe4 Bxe4 17. Qxe4 f5 18. Qe2 Qd7 19. Rfe1 f4 20. Qh5 Rf5 21. Qh3 Qf7 22. g4 Rg5 23. Rad1 h5 24. Kh1 hxg4 25. Qh4 Qf5 26. Rg1 Rc8 27. Bc3 f3 28. Bd2 Rg6 29. h3 gxh3 30. Rxg6 Qxg6 31. Rg1 Qf5 32. Qh6 Bf8 33. Bb4 Qh7 34. Qxh7+ Kxh7 35. d6 Rd8 36. Rd1 Kg6 37. Kh2 0-1

[Event "Winnipeg TNT Oct op"]
[Site "Winnipeg CAN"]
[Date "2004.10.12"]
[Round "2"]
[White "Hogeveen Rutter, Alexander"]
[Black "Van Wyk, Joseph"]
[Result "0-1"]
[WhiteElo "1739"]
[BlackElo "1932"]
[PlyCount "59"]
[GameId "2160767911061050"]
[EventDate "2004.10.05"]
[EventType "swiss"]
[EventRounds "4"]
[EventCountry "CAN"]
[SourceTitle "EXT 2006"]
[Source "ChessBase"]
[SourceDate "2005.11.24"]
[SourceVersion "1"]
[SourceVersionDate "2005.11.24"]
[SourceQuality "1"]

1. e4 d5 2. exd5 Nf6 3. Nc3 Nxd5 4. Nxd5 Qxd5 5. Nf3 e5 6. d3 Bc5 7. Be2 O-O 8. O-O b5 9. Nd2 c6 10. Ne4 Bb6 11. Bf3 Qd7 12. Bh5 Bb7 13. Qf3 f5 14. Nc3 g6 15. Qg3 f4 16. Qg4 Rf5 17. Ne4 Kf8 18. Bxg6 hxg6 19. Qxg6 Rf7 20. Ng5 Re7 21. Re1 Qd4 22. Qf6+ Ke8 23. Re2 Bc8 24. Ne4 Re6 25. Qh8+ Kd7 26. Nf6+ Kc7 27. Qg7+ Nd7 28. c3 Qd6 29. d4 Rxf6 30. dxe5 0-1

[Event "Winnipeg TNT Oct op"]
[Site "Winnipeg CAN"]
[Date "2004.10.12"]
[Round "2"]
[White "Khedkar, Jay S"]
[Black "Rutter, Blair"]
[Result "0-1"]
[WhiteElo "1948"]
[BlackElo "1662"]
[PlyCount "80"]
[GameId "2160767911061051"]
[EventDate "2004.10.05"]
[EventType "swiss"]
[EventRounds "4"]
[EventCountry "CAN"]
[SourceTitle "EXT 2006"]
[Source "ChessBase"]
[SourceDate "2005.11.24"]
[SourceVersion "1"]
[SourceVersionDate "2005.11.24"]
[SourceQuality "1"]

1. e4 e6 2. d4 d5 3. Nd2 Nf6 4. e5 Nfd7 5. Bd3 c5 6. c3 Nc6 7. Ne2 Be7 8. Nf3 cxd4 9. cxd4 Nf8 10. O-O Bd7 11. Re1 Ng6 12. g3 Rc8 13. a3 Na5 14. h4 Qb6 15. h5 Nf8 16. b4 Nc4 17. Nd2 Qd8 18. Bxc4 dxc4 19. Ne4 Bc6 20. N2c3 b5 21. d5 exd5 22. Nf6+ gxf6 23. exf6 Ne6 24. fxe7 Qd7 25. Qg4 Qxe7 26. Be3 Kd7 27. Bxa7 Rcg8 28. Qd1 Rg5 29. Ne4 Rhg8 30. Bd4 Rf5 31. a4 Kc7 32. axb5 dxe4 33. bxc6 Qxb4 34. Ra7+ Kxc6 35. Be5 Rd8 36. Ra6+ Kb5 37. Rd6 Rxe5 38. Rxd8 Nxd8 39. Qd7+ Nc6 40. Kg2 Qxe1 0-1

[Event "Winnipeg TNT Oct op"]
[Site "Winnipeg CAN"]
[Date "2004.10.12"]
[Round "2"]
[White "Lafreniere, Adrian"]
[Black "Tang, Edward"]
[Result "0-1"]
[WhiteElo "1782"]
[BlackElo "1941"]
[PlyCount "46"]
[GameId "2160767911061052"]
[EventDate "2004.10.05"]
[EventType "swiss"]
[EventRounds "4"]
[EventCountry "CAN"]
[SourceTitle "EXT 2006"]
[Source "ChessBase"]
[SourceDate "2005.11.24"]
[SourceVersion "1"]
[SourceVersionDate "2005.11.24"]
[SourceQuality "1"]

1. Nf3 d6 2. c4 g6 3. d4 Bg7 4. e4 Nf6 5. Bd3 O-O 6. Nc3 Nc6 7. d5 Ne5 8. Nxe5 dxe5 9. O-O Nh5 10. Ne2 e6 11. Be3 exd5 12. cxd5 f5 13. Qb3 Kh8 14. Bc5 Rg8 15. f3 b6 16. Be3 f4 17. Bf2 g5 18. Bc4 g4 19. Kh1 g3 20. Bg1 gxh2 21. Bf2 Bf8 22. Kxh2 Qg5 23. Rg1 Ng3 0-1

[Event "Winnipeg TNT Oct op"]
[Site "Winnipeg CAN"]
[Date "2004.10.12"]
[Round "2"]
[White "Lauritson, Jim"]
[Black "Essery, Richard"]
[Result "1-0"]
[WhiteElo "1932"]
[BlackElo "1721"]
[PlyCount "59"]
[GameId "2160767911061053"]
[EventDate "2004.10.05"]
[EventType "swiss"]
[EventRounds "4"]
[EventCountry "CAN"]
[SourceTitle "EXT 2006"]
[Source "ChessBase"]
[SourceDate "2005.11.24"]
[SourceVersion "1"]
[SourceVersionDate "2005.11.24"]
[SourceQuality "1"]

1. e4 b6 2. d4 Bb7 3. Nc3 e6 4. Nf3 g6 5. Bd3 Bg7 6. O-O d6 7. Bg5 Ne7 8. Qd2 Nd7 9. Ne2 O-O 10. Nh4 c5 11. c3 Bf6 12. Qf4 Nd5 13. Bxf6 Nxf4 14. Bxd8 Nxd3 15. Be7 Rfc8 16. Bxd6 cxd4 17. Nxd4 Nxb2 18. Nb5 Rc6 19. Bg3 Ba6 20. Rfb1 Bxb5 21. Rxb2 Bd3 22. Rd1 Rxc3 23. Rbd2 Rac8 24. Nf3 Nc5 25. Ne1 Bxe4 26. Rd8+ Rxd8 27. Rxd8+ Kg7 28. Be5+ f6 29. Bxc3 Bd5 30. a3 1-0

[Event "Winnipeg TNT Oct op"]
[Site "Winnipeg CAN"]
[Date "2004.10.12"]
[Round "2"]
[White "MacPherson, Al"]
[Black "Zaczek, Jonathon"]
[Result "1-0"]
[WhiteElo "1734"]
[BlackElo "1953"]
[PlyCount "113"]
[GameId "2160767911061054"]
[EventDate "2004.10.05"]
[EventType "swiss"]
[EventRounds "4"]
[EventCountry "CAN"]

1. d4 Nf6 2. c4 g6 3. Nc3 Bg7 4. e4 d6 5. Nf3 O-O 6. Bd3 e5 7. Be3 Ng4 8. Bg5 f6 9. Bh4 Nc6 10. Be2 g5 11. h3 gxh4 12. hxg4 Bxg4 13. Nxh4 Bd7 14. dxe5 fxe5 15. Qd5+ Rf7 16. Bh5 Be8 17. Bxf7+ Bxf7 18. Qd3 Nb4 19. Qe2 Qg5 20. Nd5 Na6 21. Qe3 Qxe3+ 22. Nxe3 Nc5 23. Ke2 Nxe4 24. Nhf5 Re8 25. f3 Nf6 26. Nxg7 Kxg7 27. b3 e4 28. f4 c6 29. Nf5+ Kg6 30. Nxd6 Re7 31. Rh6+ Kxh6 32. Nf5+ Kh5 33. Nxe7 Kg4 34. Ke3 Kg3 35. Nf5+ Kxg2 36. Nd6 Be6 37. Nxe4 Ng4+ 38. Kd4 b6 39. Re1 c5+ 40. Kc3 Bd7 41. Nd6 h5 42. Re7 Bc6 43. Rh7 Kg3 44. Rxh5 Kxf4 45. Nc8 Be4 46. Nxa7 Ke3 47. Nc8 Nf2 48. b4 Bf3 49. Re5+ Ne4+ 50. Rxe4+ Bxe4 51. Nxb6 cxb4+ 52. Kxb4 Kd4 53. a4 Bb7 54. c5 Bf3 55. a5 Bb7 56. Nd7 Kd5 57. Nb8 1-0

[Event "Winnipeg TNT Oct op"]
[Site "Winnipeg CAN"]
[Date "2004.10.12"]
[Round "2"]
[White "Milord, Frank"]
[Black "Cheyne, Andrew"]
[Result "1-0"]
[WhiteElo "1506"]
[BlackElo "1158"]
[PlyCount "65"]
[GameId "2160767911061055"]
[EventDate "2004.10.05"]
[EventType "swiss"]
[EventRounds "4"]
[EventCountry "CAN"]

1. e4 c5 2. Nf3 Nc6 3. d4 cxd4 4. Nxd4 d6 5. Nc3 e6 6. Be2 Nf6 7. Be3 Be7 8. Qd2 e5 9. Nb3 Be6 10. O-O a6 11. f3 b5 12. Rfd1 O-O 13. g4 Na5 14. Nd5 Nc4 15. Bxc4 bxc4 16. Na5 Nxd5 17. exd5 Bd7 18. Nxc4 Bb5 19. Na5 Rb8 20. c4 Bd7 21. a4 h6 22. b4 Bg5 23. Bxg5 Qxg5 24. Qxg5 hxg5 25. b5 axb5 26. cxb5 Rfc8 27. Nc6 Bxc6 28. dxc6 Kf8 29. Rxd6 Ke8 30. Rad1 Ra8 31. b6 Ra6 32. c7 f6 33. Rd8+ 1-0

[Event "Winnipeg TNT Oct op"]
[Site "Winnipeg CAN"]
[Date "2004.10.12"]
[Round "2"]
[White "Rumpel, Chris"]
[Black "Anderson, George"]
[Result "1/2-1/2"]
[WhiteElo "1559"]
[BlackElo "1411"]
[PlyCount "107"]
[GameId "2160767911061056"]
[EventDate "2004.10.05"]
[EventType "swiss"]
[EventRounds "4"]
[EventCountry "CAN"]

1. Nf3 e6 2. g3 d5 3. Bg2 c5 4. O-O Nc6 5. d3 Qb6 6. Nbd2 Nf6 7. c3 Bd6 8. Re1 O-O 9. e4 Ng4 10. Qe2 dxe4 11. dxe4 f5 12. Nc4 Qc7 13. Nxd6 Qxd6 14. e5 Qd8 15. h3 Nh6 16. Bxh6 gxh6 17. Qe3 f4 18. Qxc5 fxg3 19. fxg3 Qe7 20. Qxe7 Nxe7 21. Nd4 Nf5 22. g4 Nh4 23. Bh1 Bd7 24. Rab1 Rab8 25. Rf1 Ng6 26. Rbe1 Nf4 27. Be4 Nxh3+ 28. Kg2 Nf4+ 29. Kg3 Nd5 30. Rh1 Kg7 31. Rh4 Rf4 32. Bxd5 Rxd4 33. cxd4 exd5 34. Reh1 Be8 35. Rxh6 Bg6 36. g5 Rc8 37. Rf1 Rc2 38. Rf2 Rc4 39. Rh4 Be4 40. e6 Rc7 41. Kf4 Kg6 42. Rh6+ Kg7 43. Ke5 b5 44. Kd6 Rc8 45. Rf7+ Kg8 46. Rhf6 Bg6 47. Kxd5 Bxf7 48. Rxf7 a5 49. Ke5 Rc2 50. d5 Rxb2 51. d6 Rxa2 52. Kf6 h5 53. e7 Rf2+ 54. Ke6 1/2-1/2

[Event "Winnipeg TNT Oct op"]
[Site "Winnipeg CAN"]
[Date "2004.10.12"]
[Round "2"]
[White "Silva, T Romero"]
[Black "Reimer, Bruce"]
[Result "1-0"]
[WhiteElo "1621"]
[BlackElo "1344"]
[PlyCount "105"]
[GameId "2160767911061057"]
[EventDate "2004.10.05"]
[EventType "swiss"]
[EventRounds "4"]
[EventCountry "CAN"]
[SourceTitle "EXT 2006"]
[Source "ChessBase"]
[SourceDate "2005.11.24"]
[SourceVersion "1"]
[SourceVersionDate "2005.11.24"]
[SourceQuality "1"]

1. e4 d6 2. d4 Nf6 3. Bd3 g6 4. c4 Bg7 5. Nc3 c5 6. d5 O-O 7. Nge2 Nbd7 8. O-O Ne5 9. f3 b6 10. b3 e6 11. Bc2 Ne8 12. Rb1 Nc7 13. Be3 Bb7 14. Qd2 exd5 15. cxd5 Re8 16. Bg5 Bf6 17. Be3 Ba6 18. Rf2 Bh4 19. g3 Bf6 20. Rd1 Nb5 21. Nxb5 Bxb5 22. Nc1 Qc8 23. Nd3 Nd7 24. Nf4 Ne5 25. Nd3 Nd7 26. Re1 Nb8 27. Nf4 Nd7 28. Ne2 Ne5 29. Nc3 Ba6 30. Bg5 Qd8 31. h4 Bxg5 32. hxg5 Qd7 33. Qf4 Bd3 34. Re3 Ba6 35. Rh2 Kg7 36. Rh6 Rh8 37. Qf6+ Kg8 38. Bd1 Qd8 39. f4 Qxf6 40. gxf6 Nd7 41. e5 Re8 42. Bg4 Bc8 43. Bxd7 Bxd7 44. Rh2 h5 45. Rhe2 dxe5 46. fxe5 Kh7 47. Ne4 Kh6 48. Nd6 Ref8 49. e6 fxe6 50. dxe6 Rxf6 51. Nf7+ Rxf7 52. exf7 Bg4 53. Re8 1-0

[Event "Winnipeg TNT Oct op"]
[Site "Winnipeg CAN"]
[Date "2004.10.19"]
[Round "3"]
[White "Anderson, George"]
[Black "Khedkar, Jay S"]
[Result "0-1"]
[WhiteElo "1473"]
[BlackElo "1948"]
[PlyCount "55"]
[GameId "2160767911061058"]
[EventDate "2004.10.05"]
[EventType "swiss"]
[EventRounds "4"]
[EventCountry "CAN"]
[SourceTitle "EXT 2006"]
[Source "ChessBase"]
[SourceDate "2005.11.24"]
[SourceVersion "1"]
[SourceVersionDate "2005.11.24"]
[SourceQuality "1"]

1. b4 e5 2. Bb2 Bxb4 3. Bxe5 Nf6 4. Nc3 Nc6 5. Nf3 Nxe5 6. Nxe5 O-O 7. Na4 d6 8. Nd3 Ba5 9. c3 Bf5 10. Nab2 Re8 11. e3 c6 12. Qb3 Rb8 13. Nb4 Ne4 14. Bd3 Nc5 15. Qc2 Nxd3+ 16. N4xd3 d5 17. Qa4 Bb6 18. O-O Re4 19. Qd1 Rh4 20. Qf3 Be4 21. Qg3 Bc7 22. f4 f5 23. Nf2 Qf6 24. Qg5 Qxg5 25. fxg5 Bxh2+ 26. Kh1 f4 27. exf4 Bxf4+ 28. Nh3 0-1

[Event "Winnipeg TNT Oct op"]
[Site "Winnipeg CAN"]
[Date "2004.10.19"]
[Round "3"]
[White "Cheyne, Andrew"]
[Black "Gibbons, Lorne"]
[Result "1-0"]
[WhiteElo "1158"]
[BlackElo "1300"]
[PlyCount "79"]
[GameId "2160767911061059"]
[EventDate "2004.10.05"]
[EventType "swiss"]
[EventRounds "4"]
[EventCountry "CAN"]

1. e4 g6 2. d4 Bg7 3. Nf3 b6 4. Nc3 Bb7 5. Bb5 e6 6. O-O Ne7 7. Be3 O-O 8. a3 c5 9. Qd2 a6 10. Bc4 b5 11. Ba2 cxd4 12. Nxd4 Nbc6 13. Nxc6 Bxc6 14. f3 Rc8 15. Bd4 Bxd4+ 16. Qxd4 Qc7 17. Rad1 Rfd8 18. Qf6 Rf8 19. Qxe7 Kg7 20. Qb4 f5 21. Rd3 Rf6 22. Re1 Rcf8 23. Qe7+ R8f7 24. Qd6 Qb6+ 25. Qd4 Qc7 26. h3 fxe4 27. Nxe4 Bxe4 28. fxe4 Qxc2 29. Rf1 e5 30. Qxe5 Qxd3 31. Rxf6 Rxf6 32. Qe7+ Kh6 33. Qxf6 Qxe4 34. Qf8+ Kh5 35. Qc5+ Kh6 36. Qd5 Qe1+ 37. Kh2 Qa1 38. Qd2+ Kh5 39. g4+ Kh4 40. Qh6# 1-0

[Event "Winnipeg TNT Oct op"]
[Site "Winnipeg CAN"]
[Date "2004.10.19"]
[Round "3"]
[White "Czypinski, Jaroslaw"]
[Black "MacPherson, Al"]
[Result "0-1"]
[WhiteElo "1913"]
[BlackElo "1734"]
[PlyCount "53"]
[GameId "2160767911061060"]
[EventDate "2004.10.05"]
[EventType "swiss"]
[EventRounds "4"]
[EventCountry "CAN"]

1. e4 c5 2. d4 cxd4 3. c3 dxc3 4. Nxc3 Nc6 5. Nf3 d6 6. Bc4 e6 7. O-O a6 8. Bf4 Be7 9. Qe2 b5 10. Bb3 Nf6 11. Rac1 O-O 12. Rfd1 Bb7 13. Bxd6 Bxd6 14. e5 Ne8 15. Ne4 Ne7 16. Nxd6 Nxd6 17. Rxd6 Qb8 18. Ng5 Nf5 19. Rd7 Bc8 20. Rdc7 Ra7 21. Qc2 Rxc7 22. Qxc7 Qb7 23. Nxe6 Qxc7 24. Nxc7 Nd4 25. Bd1 Rd8 26. f3 Ne6 27. Bb3 0-1

[Event "Winnipeg TNT Oct op"]
[Site "Winnipeg CAN"]
[Date "2004.10.19"]
[Round "3"]
[White "Essery, Richard"]
[Black "Milord, Frank"]
[Result "0-1"]
[WhiteElo "1721"]
[BlackElo "1541"]
[PlyCount "46"]
[GameId "2160767911061061"]
[EventDate "2004.10.05"]
[EventType "swiss"]
[EventRounds "4"]
[EventCountry "CAN"]
[SourceTitle "EXT 2006"]
[Source "ChessBase"]
[SourceDate "2005.11.24"]
[SourceVersion "1"]
[SourceVersionDate "2005.11.24"]
[SourceQuality "1"]

1. e4 d6 2. d4 Nf6 3. Nc3 g6 4. h3 Bg7 5. Nf3 O-O 6. Be3 c6 7. Qd2 Nbd7 8. O-O-O b5 9. Bd3 Qa5 10. Kb1 b4 11. Ne2 Rb8 12. Nc1 Ba6 13. Nb3 Qa4 14. Bxa6 Qxa6 15. e5 Nd5 16. exd6 exd6 17. Bh6 Rfe8 18. Bxg7 Kxg7 19. h4 Re2 20. Qc1 N7f6 21. Rd2 Ne4 22. Rxe2 Nec3+ 23. bxc3 Nxc3+ 0-1

[Event "Winnipeg TNT Oct op"]
[Site "Winnipeg CAN"]
[Date "2004.10.19"]
[Round "3"]
[White "Proulx, Roy"]
[Black "Lauritson, Jim"]
[Result "0-1"]
[WhiteElo "1695"]
[BlackElo "1932"]
[PlyCount "103"]
[GameId "2160767911061062"]
[EventDate "2004.10.05"]
[EventType "swiss"]
[EventRounds "4"]
[EventCountry "CAN"]
[SourceTitle "EXT 2006"]
[Source "ChessBase"]
[SourceDate "2005.11.24"]
[SourceVersion "1"]
[SourceVersionDate "2005.11.24"]
[SourceQuality "1"]

1. d4 f5 2. c4 Nf6 3. Nc3 g6 4. Nf3 Bg7 5. e3 d6 6. Bd3 O-O 7. O-O Qe8 8. d5 e5 9. dxe6 Bxe6 10. Ng5 h6 11. Nxe6 Qxe6 12. Nb5 Na6 13. Nd4 Qe5 14. Nf3 Qe7 15. Nh4 Kh7 16. g3 Nc5 17. Bc2 Rad8 18. f3 d5 19. cxd5 Nxd5 20. Qe2 Bd4 21. Re1 Rde8 22. Ng2 c6 23. Kh1 Bg7 24. Nh4 Qc7 25. Qf2 Qb6 26. g4 Ne7 27. gxf5 Nxf5 28. Nxf5 gxf5 29. e4 fxe4 30. Qh4 Qd8 31. Qxd8 Rxd8 32. fxe4 Rf2 33. Bb3 Be5 34. Be3 Rxh2+ 35. Kg1 Nxb3 36. axb3 Rg8+ 37. Kf1 a6 38. Rad1 Rh1+ 39. Ke2 Rxe1+ 40. Kxe1 Bxb2 41. Rd7+ Rg7 42. Rd6 Re7 43. Rxh6+ Kg7 44. Rh4 Be5 45. Ke2 Kf7 46. Kd3 Ke6 47. Bc5 Rg7 48. Rh6+ Kd7 49. Rh3 Rg3+ 50. Rxg3 Bxg3 51. Kd4 Bf2+ 52. Kc4 0-1

[Event "Winnipeg TNT Oct op"]
[Site "Winnipeg CAN"]
[Date "2004.10.19"]
[Round "3"]
[White "Reimer, Bruce"]
[Black "Rumpel, Chris"]
[Result "1-0"]
[WhiteElo "1382"]
[BlackElo "1559"]
[PlyCount "59"]
[GameId "2160767911061063"]
[EventDate "2004.10.05"]
[EventType "swiss"]
[EventRounds "4"]
[EventCountry "CAN"]

1. c4 Nf6 2. g3 g6 3. Bg2 Bg7 4. Nc3 d6 5. e4 O-O 6. d3 c6 7. Nge2 e5 8. O-O Nbd7 9. f4 exf4 10. Bxf4 Ne5 11. Qd2 Nfg4 12. h3 Qb6+ 13. Kh1 Nf2+ 14. Kh2 Bxh3 15. Bxe5 Bxg2 16. Kxg2 Nxe4 17. Nxe4 Bxe5 18. d4 f5 19. dxe5 fxe4 20. exd6 e3 21. Qd4 c5 22. Qd5+ Kh8 23. Qe5+ Kg8 24. Rxf8+ Rxf8 25. Rf1 Qc6+ 26. Qd5+ Qxd5+ 27. cxd5 Rd8 28. Rf6 Kg7 29. Re6 Kf7 30. Kf3 1-0

[Event "Winnipeg TNT Oct op"]
[Site "Winnipeg CAN"]
[Date "2004.10.19"]
[Round "3"]
[White "Schulz, Waldemar"]
[Black "Rutter, Blair"]
[Result "0-1"]
[WhiteElo "2122"]
[BlackElo "1662"]
[PlyCount "46"]
[GameId "2160767911061064"]
[EventDate "2004.10.05"]
[EventType "swiss"]
[EventRounds "4"]
[EventCountry "CAN"]
[SourceTitle "EXT 2006"]
[Source "ChessBase"]
[SourceDate "2005.11.24"]
[SourceVersion "1"]
[SourceVersionDate "2005.11.24"]
[SourceQuality "1"]

1. d4 f5 2. g3 Nf6 3. Bg2 d5 4. Nf3 e6 5. O-O c5 6. c4 Nc6 7. cxd5 Nxd5 8. Bg5 Qb6 9. Nc3 Nxc3 10. bxc3 h6 11. Be3 Bd7 12. Qb3 Qa6 13. dxc5 Be7 14. Rfd1 Rd8 15. Rab1 Na5 16. Qa3 Bc6 17. Rxd8+ Bxd8 18. Nd4 Bxg2 19. Kxg2 Kf7 20. Bf4 Be7 21. Bc7 b6 22. Qa4 Qb7+ 23. c6 Qxc7 0-1

[Event "Winnipeg TNT Oct op"]
[Site "Winnipeg CAN"]
[Date "2004.10.19"]
[Round "3"]
[White "Silva, T Romero"]
[Black "Hogeveen Rutter, Alexander"]
[Result "1-0"]
[WhiteElo "1621"]
[BlackElo "1739"]
[PlyCount "47"]
[GameId "2160767911061065"]
[EventDate "2004.10.05"]
[EventType "swiss"]
[EventRounds "4"]
[EventCountry "CAN"]
[SourceTitle "EXT 2006"]
[Source "ChessBase"]
[SourceDate "2005.11.24"]
[SourceVersion "1"]
[SourceVersionDate "2005.11.24"]
[SourceQuality "1"]

1. d4 g6 2. c4 Nf6 3. Nc3 Bg7 4. e4 d6 5. Bd3 O-O 6. Nge2 Nbd7 7. O-O c5 8. f4 cxd4 9. Nxd4 Nc5 10. Bc2 Qb6 11. Kh1 Nfxe4 12. Nxe4 Nxe4 13. Be3 Nc5 14. Rb1 Qc7 15. f5 Bd7 16. b4 Na6 17. a3 Rfc8 18. fxg6 hxg6 19. Rxf7 Kxf7 20. Qd3 Rh8 21. Qxg6+ Kg8 22. Nf5 Bxf5 23. Bxf5 Qxc4 24. Be6+ 1-0

[Event "Winnipeg TNT Oct op"]
[Site "Winnipeg CAN"]
[Date "2004.10.19"]
[Round "3"]
[White "Tang, Edward"]
[Black "Van Wyk, Joseph"]
[Result "1-0"]
[WhiteElo "1941"]
[BlackElo "1932"]
[PlyCount "21"]
[GameId "2160767911061066"]
[EventDate "2004.10.05"]
[EventType "swiss"]
[EventRounds "4"]
[EventCountry "CAN"]
[SourceTitle "EXT 2006"]
[Source "ChessBase"]
[SourceDate "2005.11.24"]
[SourceVersion "1"]
[SourceVersionDate "2005.11.24"]
[SourceQuality "1"]

1. e4 e5 2. Nf3 Nc6 3. Bb5 f5 4. Nc3 fxe4 5. Nxe4 Nf6 6. Nxf6+ Qxf6 7. O-O e4 8. Re1 d5 9. d3 Bf5 10. dxe4 Bxe4 11. Qxd5 1-0